Statistics for Groups of Four Quiz #1

Click here to take the quiz!

General Stats

  • This quiz has been taken 164,854 times
    (55,659 since last reset)
  • The average score is 43 of 64

Answer Stats

Group Answer % Correct
SeasonsSpring
99%
SeasonsFall
99%
SeasonsWinter
99%
SeasonsSummer
99%
United Kingdom CountriesEngland
92%
United Kingdom CountriesScotland
92%
United Kingdom CountriesWales
91%
Playing Cards SuitsHearts
91%
U.S. States Bordering MexicoTexas
90%
Playing Cards SuitsSpades
88%
Orchestra Stringed
Instruments
Violin
88%
Playing Cards SuitsDiamonds
87%
The BeatlesJohn Lennon
85%
Gospels of the BibleJohn
84%
Playing Cards SuitsClubs
83%
U.S. States Bordering MexicoNew Mexico
83%
Countries that Start With VVenezuela
83%
United Kingdom CountriesNorthern Ireland
83%
The BeatlesPaul McCartney
81%
U.S. States Bordering MexicoCalifornia
81%
The BeatlesRingo Starr
81%
Teenage Mutant Ninja TurtlesMichelangelo
80%
Throwing Events at the OlympicsJavelin
77%
Orchestra Stringed InstrumentsCello
76%
U.S. States Bordering MexicoArizona
75%
Classical ElementsWater
72%
Classical ElementsFire
72%
Teenage Mutant Ninja TurtlesLeonardo
72%
Tennis MajorsWimbledon
71%
Classical ElementsEarth
71%
Throwing Events
at the Olympics
Discus
68%
Countries that Start With VVietnam
68%
Teenage Mutant Ninja TurtlesDonatello
68%
Teenage Mutant Ninja TurtlesRaphael
68%
Classical ElementsAir
68%
Gospels of the BibleLuke
67%
Tennis MajorsUS Open
67%
Orchestra Stringed InstrumentsViola
67%
Orchestra Stringed InstrumentsDouble Bass
67%
Gospels of the BibleMatthew
66%
Countries that Start With VVatican City
66%
Gospels of the BibleMark
65%
Throwing Events at the OlympicsShot Put
65%
The BeatlesGeorge Harrison
64%
Countries that Start With VVanuatu
64%
Tennis MajorsFrench Open
62%
Tennis MajorsAustralian Open
60%
Horn of Africa CountriesSomalia
60%
Horn of Africa CountriesEthiopia
57%
Indiana Jones MoviesTemple of Doom
54%
Indiana Jones MoviesRaiders of the Lost Ark
54%
Horn of Africa CountriesEritrea
53%
Horn of Africa CountriesDjibouti
50%
Throwing Events at the OlympicsHammer Throw
49%
Indiana Jones MoviesKingdom of the Crystal Skull
46%
Japanese IslandsHonshu
41%
Large Moons of JupiterIo
40%
Indiana Jones MoviesLast Crusade
39%
Japanese IslandsHokkaido
36%
Large Moons of JupiterEuropa
29%
Large Moons of JupiterGanymede
22%
Japanese IslandsKyushu
19%
Large Moons of JupiterCallisto
15%
Japanese IslandsShikoku
14%

Score Distribution

Percentile by Number Answered

Percent of People with Each Score

Your Score History

You have not taken this quiz since the last reset